000 00283nam a2200109Ia 4500
008 190912s9999||||xx |||||||||||||| ||und||
100 _aQuaid-I-Azam Speaks
245 0 _aQuaid-I-Azam Speaks: His Vision of Pakistan
260 _akarachi
_bMcGraw-Hill
_c1991
300 _a42
942 _cBK
999 _c7379
_d7379